| 000 | 01151cam a22002531i 4500 | ||
|---|---|---|---|
| 003 | SA-RiAUC | ||
| 005 | 20241102143126.0 | ||
| 008 | 241030s1994 su g 000r0 ara c | ||
| 040 |
_aSA-RiAUC _bara _cSA-RiAUC _erda |
||
| 082 | 0 | 4 |
_a258.1 _qSA-RiAUC |
| 090 |
_a258.1 _bا ب ن ن |
||
| 100 | 1 |
_aابن نجيم، زين الدين بن إبراهيم بن محمد، _dتوفي 970 هجري _eمؤلف. |
|
| 245 | 1 | 2 |
_aالفوائد الزينية في مذهب الحنفية / _cتأليف زين الدين بن إبراهيم ؛ قدم له أبي عبيدة مشهور بن حسن آل سليمان. |
| 250 | _aالطبعة الأولى. | ||
| 264 | 1 |
_aالدمام، السعودية ؛ _aالأحساء، السعودية : _bدار ابن الجوزي، _c1994 |
|
| 300 |
_a206 صفحة ؛ _c24 سم |
||
| 336 |
_aنص _btxt _2rdacontent _3كتاب |
||
| 337 |
_aبدون وسيط _bn _2rdamedia |
||
| 338 |
_aمجلد _bnc _2rdacarrier |
||
| 650 | 7 |
_aالفقه الحنفي _2aucsh |
|
| 700 | 1 |
_aآل سليمان، مشهور بن حسن، _d1380 هجري- _eمقدم. |
|
| 942 |
_2ddc _cBOOK _n0 |
||
| 949 |
_aSA-JeALM _d241030 _ukhaled123 _n1 |
||
| 999 |
_c1986 _d1986 |
||